000 00318 a2200157 4500
001 164555
020 _a
040 _cMagnum
100 _aPalombo, Antônio Sérgio
240 1 0 _aOs sonhos de bob
_lpor
245 1 0 _aOs sonhos de bob
362 0 _a1899
440 1 _aModelo
697 _aIJ/GERAL
942 _cBK
999 _c164555
_d164555